000 00581nam a2200205Ia 4500
003 OSt
005 20230426145637.0
008 210423s2005 xx 000 0 und d
020 _a8176499552
040 _cAL
041 _aeng
082 _a423.1 AMMV
_223
100 _aAMMER (Christine).
_993551
245 _aViva facts on file dictionary of writers library: cliches.
260 _aNew Delhi
_bViva Books Pvt Ltd
_c2005
300 _aviii,488
_bPB
365 _b225
_cINR
906 _acliches. ; dictionary ; facts ; file ; library ; Viva ; writer''s
942 _2ddc
_cBK
999 _c161723
_d161723